Los cien nombres de América : eso que descubrió Colón /

محفوظ في:
التفاصيل البيبلوغرافية
المؤلف الرئيسي: Rojas Mix, Miguel, 1952-
التنسيق: غير معروف
اللغة:Spanish
منشور في: Barcelona, España : Lumen, c1992.
سلاسل:(Palabra en el tiempo ; 209)
الموضوعات:
الوسوم: إضافة وسم
لا توجد وسوم, كن أول من يضع وسما على هذه التسجيلة!

MARC

LEADER 000000000a22000000004500
001 002563
020 |a 8426412092 
041 0 |a spa 
082 0 4 |a 970   |b R741c 1991 
100 1 |a Rojas Mix, Miguel,   |d 1952- 
245 1 4 |a Los cien nombres de América :   |b eso que descubrió Colón /   |c Miguel Rojas Mix. 
260 1 |a Barcelona, España :   |b Lumen,   |c c1992. 
300 |a 410 páginas 
490 1 |a (Palabra en el tiempo ;   |v 209) 
650 4 |a AMERICA 
650 4 |a HISTORIA 
650 4 |a AMERICA LATINA 
650 4 |a COLONIZACION 
999 |c 8950  |d 8950 
942 |c BK  |h 970 R741c 1991  |2 z